000 00350nam a2200145Ia 4500
005 20251222152722.0
008 251222s9999||||xx |||||||||||||| ||spa||
020 _a9501522032
082 _a813.54/K61
100 _aKleypas, Lisa
245 0 _aUn Extraño en mis Brazos
250 _a1ra.ed.
264 _bJavier Vergara Editor S.A.
942 _cLIB
999 _c29607
_d29607